=LDR 00000nam 2200000 4500 =001 INLIS000000000005376 =005 20251015084255 =035 ##$$a 0010-1025000431 =007 ta =008 251015###########################0#eng## =082 ##$$a 305.3 =084 ##$$a 305.3 BAS c =100 #$$a Basow Susan A =245 1#$$a Cultural Variations in Sex Typing /$c Badan Koordinasi Keluarga Berencana Nasional =260 ##$:$b Badan Koordinasi Keluarga Berencana Nasional =300 ##$$a 9 Hal : $b Ilus ; $c 21 =650 #4$$a Keluarga Berencana =856 ##$$a Perpustakaan Kemendukbangga